000 00623nmm a2200169Ia 4500
008 251105s9999||||xx |||||||||||||||||und||
020 _a9788437089348
041 _aspa
100 _aCoello de la Rosa, Alexandre
245 0 _aHistoria y ficción :
_b La escritura de la "Historia general y natural de las Indias" de Gonzalo Fernández de Oviedo y Valdés (1578-1557)
264 _a[Madrid, España] :
_bPublicaciones de la Universidad de Valencia (PUV),
_c2012
300 _a172 páginas
490 _aHistoria
650 _aLiterary History
856 _uhttps://public.digitaliapublishing.com/a/34865
942 _cCF
999 _c82583
_d82583